The British Industrial Revolution In Global Perspective
Wedi'i Gadw mewn:
| Prif Awdur: | |
|---|---|
| Fformat: | Anhysbys |
| Iaith: | Saesneg |
| Cyhoeddwyd: |
Cambridge, United Kingdom
Cambridge University Press
2009
|
| Cyfres: | New Approaches to Economic and Social History
|
| Pynciau: | |
| Tagiau: |
Ychwanegu Tag
Dim Tagiau, Byddwch y cyntaf i dagio'r cofnod hwn!
|
MARC
| LEADER | 00000 a2200000 4500 | ||
|---|---|---|---|
| 003 | CL-VaPUC | ||
| 005 | 20210705093113.0 | ||
| 008 | 210505b ||||| |||| 00| 0 eng d | ||
| 999 | |c 432917 |d 432915 | ||
| 020 | |a 9780521687850 | ||
| 040 | |c Pontificia Universidad Católica de Valparaíso | ||
| 082 | |a 330.94107 ALL 2009 | ||
| 100 | |a Allen, Robert C. |9 860822 | ||
| 245 | |a The British Industrial Revolution In Global Perspective | ||
| 260 | |a Cambridge, United Kingdom |b Cambridge University Press |c 2009 | ||
| 300 | |a 342 páginas | ||
| 440 | |a New Approaches to Economic and Social History |9 860826 | ||
| 583 | |k Cristina Rojas |c 20210505 | ||
| 650 | 0 | |a Revolución industrial |z Gran Bretaña |9 309422 | |
| 650 | 0 | |a Historia económica |y 1750-1918 |9 307218 | |
| 651 | 0 | |a Gran Bretaña |9 861261 |x Condiciones económicas |x Condiciones sociales |y Siglo 18 | |
| 942 | |2 ddc |c BK | ||
| 952 | |0 0 |1 0 |2 ddc |4 0 |6 330_941070000000000_ALL_2009 |7 0 |8 A |9 577894 |a BIBHIS |b BIBHIS |d 2021-05-25 |e 3 |g 32721.00 |i 5583381 |l 1 |o 330.94107 ALL 2009 |p 5583381 |r 2025-01-20 |s 2023-04-04 |t 1 |v 32721.00 |w 2021-05-25 |y BK |k HIS | ||